000 00303nam a2200133Ia 4500
008 191201s2005 xx 000 0 und d
100 _aHILL, John S
245 0 _aWorld Business Globalization
250 _a1st
260 _aN.Delhi
_bThomson
_c2005
300 _a600
650 _aMBA
942 _2ddc
_cBK
999 _c4214
_d4214